00626nam a22002177a 4500003000500000005001700005008004100022010001000063011001000073035001000083040000900093082001500102100004000117245001900157260003100176300002000207490006400227650002000291650001600311830008100327CHAP20250322162306.0971013s1978 mx a r 00010 spa d a13387 a14359 a18432 cCHAP a636.5bC3800aCastellanos Echeverría, Fernán.1 aAves de corral aMéxico :bTrillas,c1978 a133 p. :bilus. aManuales para educación agropecuaria. Producción animal14aAves de corral.14aAvicultura.0 aManuales para educación agropecuaria. Área producción animal (Trillas)